Ricostruisci la Carriera del Calciatore - Mario Gómez - Statistics

Statistiche generali
  • Questo quiz è stato fatto 5 volte
  • Il punteggio medio è 5 su 7
Statistiche sulle risposte
Hint Risposta % Corretto
2004-2009 Stoccarda
100%
2003-2005 Stoccarda II
100%
2016-2018 Wolfsburg
75%
2009-2013 Bayern Monaco
50%
2015-2016 Beşiktaş
50%
2013-2015 Fiorentina
50%
2018-2020 Stoccarda
25%
Nessun quiz corrispondente trovato
Distribuzione punteggi
Percentuale di utenti per punteggio
Percentile per numero di risposta
I tuoi punteggi nel tempo
Non hai fatto questo quiz